000 01079nam a22003137i 4500
999 _c23071
_d23071
003 AR-CdUCM
008 240923b20232023 pe||||| |||| 00| 0 spa d
020 _a978-612-47604-2-6
040 _aMUNICIPALIDAD PROVINCIAL DEL CUSCO
_cBIBLIOTECA MUNICIPAL DEL CUSCO
041 _hspa
082 _a591.7 / C28
_bC28
100 _aCárdenas Córdova, Juan Carlos
_950581
245 _aBiodiversidad de la Cocha - Biodiversity of Machuwasi :
_bGuia de campo /
260 _aMadre de Dios :
_bCrees Manu S.A.C.
_c2023
300 _a161 páginas. :
_c20 cm.
500 _zBibliografía: página 158.
505 _aLa historia de la Cocha Machuwasi -- Uso de la guía -- Reptiles -- Anfibios -- Mamíferos -- Aves -- Plantas -- Mariposas
650 _aManu
_922466
650 _aMachuwasi
_950582
650 _aBoa
_950583
650 _aRana
_950584
650 _aSapo
_950585
650 _aMurciélago
_950586
650 _aChichillo
_950587
650 _aAves
_92630
700 _aMarquina Montesinos, Edgar Luis
_950588
942 _2ddc
_cLIBROS
945 _apbj
_d2024-09-23